India V.S China - Statistics

General Stats
  • This quiz has been taken 54 times
  • The average score is 6 of 8
Answer Stats
Hint Answer % Correct
Country with the most people? India
97%
Touches Pacific? China
95%
Has president called Xi? China
90%
Owns island where an uncontacted tribe lives? India
90%
Has a side on Mt. Everest? China
82%
Has land on the Indus river? India
82%
Has 3rd most populated city? China
59%
Has more populated capital city? China
46%
No matching quizzes found
Score Distribution
Percent of People with Each Score
Percentile by Number Answered
Your Score History
You have not taken this quiz